Riconosci il Pokémon - Quiz n°318 - Statistics

Statistiche generali
  • Questo quiz è stato fatto 0 volte
  • Il punteggio medio è 0 su 10
Statistiche sulle risposte
Indizio Risposta % Corretto
Altezza 1,1 m; 1,5 m (Megaevoluzione)
0%
Peso 20,6 kg
0%
Tasso di cattura 45 (11.9%)
0%
Sesso 50% ♂, 50% ♀
0%
Pokémon Altaria
0%
Abilità Atlernacura; Antimeteo; Pellefolletto (Megaevoluzione)
0%
Tipo Drago / Volante; Drago / Folletto (Megaevoluzione)
0%
Tasso di allevamento Irregolare
0%
Stadio evoluzione Prima evoluzione
0%
Generazione Terza
0%
Nessun quiz corrispondente trovato
Distribuzione punteggi
Percentuale di utenti per punteggio
Percentile per numero di risposta
I tuoi punteggi nel tempo
Non hai fatto questo quiz